[Event "TUR-chT Superleague 2018"]
[Site "Ankara"]
[Date "2018.08.01"]
[Round "8"]
[White "Yurtseven, Melih"]
[Black "Sanal, Vahap"]
[Result "1/2-1/2"]
[WhiteElo "2404"]
[BlackElo "2518"]
[Annotator "ChessBase"]
[PlyCount "120"]
[EventDate "2018.07.25"]
[EventType "team-tourn"]
[EventCountry "TUR"]
[SourceTitle "playchess.com"]
[Source "ChessBase"]
[SourceQuality "1"]
[TimeControl "40/5400+30:1800+30"]

1. d4 Nf6 2. Nf3 e6 3. g3 b6 4. Bg2 Bb7 5. c4 Be7 6. O-O O-O 7. d5 exd5 8. Nh4 c6 9. cxd5 Nxd5 10. Nf5 Nc7 11. e4 d5 12. Nc3 Bf6 13. exd5 Nxd5 14. Nxd5 cxd5 15. Ne3 Nd7 16. Nxd5 Bxd5 17. Qxd5 Rc8 18. Bh3 Nc5 19. Qf3 Ne6 20. Bxe6 fxe6 21. Qe2 Qd5 22. Be3 Qc4 23. Rfe1 Rfd8 24. Qxc4 Rxc4 25. Re2 Kf7 26. Rae1 h5 27. h4 Rd5 28. Kg2 Rc6 29. Rc1 Rxc1 30. Bxc1 b5 31. Be3 a5 32. b3 Bc3 33. Kf3 Ke7 34. Rc2 b4 35. Bc1 Kd6 36. Bb2 Bxb2 37. Rxb2 Rd1 38. Kf4 Rd5 39. Rc2 g6 40. Ke4 Re5+ 41. Kf4 Rd5 42. Ke4 g5 43. hxg5 Rxg5 44. Rd2+ Ke7 45. Rc2 Kd6 46. Rd2+ Ke7 47. Rc2 Kf6 {[%emt 1:28:30]} 48. Kf4 {[%emt 2:00:00]} Re5 {[%emt 0:02:30]} 49. g4 {[%emt 0:06:02]} h4 {[%emt 0:05:30]} 50. f3 {[%emt 0:04:51]} Re1 {[%emt 0:01:30]} 51. g5+ {[%emt 0:01:08]} Kg6 {[%emt 0:00:00]} 52. Rc5 {[%emt 0:01:32]} Kh5 {[%emt 0:16:00]} 53. Rc8 {[%emt 0:02:59]} Re2 {[%emt 0:00:30]} 54. Rh8+ {[%emt 0:02:04]} Kg6 {[%emt 0:00:30]} 55. Rh6+ {[%emt 0:00:04]} Kf7 {[%emt 0:00:00]} 56. Rxh4 {[%emt 0:00:49]} Rxa2 {[%emt 0:00:00]} 57. Rh7+ {[%emt 0:00:30]} Kg6 {[%emt 0:00:30]} 58. Rh6+ {[%emt 0:00:46]} Kf7 {[%emt 0:00:00]} 59. Rh7+ {[%emt 0:00:18]} Kg6 {[%emt 0:00:00]} 60. Rh6+ {[%emt 0:01:42]} Kf7 {[%emt 0:00:00]} 1/2-1/2

[Event "TUR-chT Superleague 2018"]
[Site "Ankara"]
[Date "2018.08.01"]
[Round "8"]
[White "Soysal, Serkan"]
[Black "Gok, Fatih"]
[Result "1-0"]
[WhiteElo "2402"]
[BlackElo "1952"]
[Annotator "NA"]
[PlyCount "83"]
[EventDate "2018.07.25"]
[EventType "team-tourn"]
[EventCountry "TUR"]
[SourceTitle "playchess.com"]
[Source "ChessBase"]
[SourceQuality "1"]
[TimeControl "40/5400+30:1800+30"]

1. Nf3 Nf6 2. c4 e6 3. g3 b6 4. Bg2 Bb7 5. O-O c5 6. d4 cxd4 7. Qxd4 Be7 8. Nc3 O-O 9. Rd1 a6 10. Bf4 Nc6 11. Qd2 Na5 12. b3 d5 13. Qb2 Qe8 14. Be3 Bd8 15. cxd5 Nxd5 16. Nxd5 Bxd5 17. Bd4 f6 18. Rac1 Bb7 19. Bc3 e5 20. b4 Nc6 21. Nd2 b5 22. Ne4 Be7 23. Qb3+ Kh8 24. Nd6 Bxd6 25. Rxd6 Nd4 26. Bxd4 Bxg2 27. Kxg2 exd4 28. Qd3 Rd8 29. Qxd4 Qe7 30. Rd1 Rc8 31. Qd3 h6 32. a3 Rfe8 {[%emt 1:45:34]} 33. Rd2 {[%emt 1:41:20]} Qc7 {[%emt 0:00:30]} 34. Qf3 {[%emt 0:00:30]} a5 {[%emt 0:00:30]} 35. Rd7 {[%emt 0:00:49]} Qc1 {[%emt 0:00:38]} 36. bxa5 {[%emt 0:00:30]} Ra8 {[%emt 0:00:30]} 37. Qb7 {[%emt 0:00:30]} Rg8 {[%emt 0:00:00]} 38. Rxg7 {[%emt 0:01:35]} Qb1 {[%emt 0:00:40]} 39. Rd3 {[%emt 0:00:45]} Rxg7 {[%emt 0:00:51]} 40. Qxa8+ {[%emt 0:00:00]} Rg8 {[%emt 0:00:00]} 41. Qf3 {[%emt 0:02:31]} Qb2 {[%emt 0:04:17]} 42. a6 {[%emt 0:00:00]} 1-0

[Event "TUR-chT Superleague 2018"]
[Site "Ankara"]
[Date "2018.08.01"]
[Round "8"]
[White "Buksa, Nataliya"]
[Black "Muzychuk, Mariya"]
[Result "1/2-1/2"]
[WhiteElo "2376"]
[BlackElo "2528"]
[Annotator "TA"]
[PlyCount "93"]
[EventDate "2018.07.25"]
[EventType "team-tourn"]
[EventCountry "TUR"]
[SourceTitle "playchess.com"]
[Source "ChessBase"]
[SourceQuality "1"]

{[%evp 16,93,28,34,50,62,65,47,86,56,105,52,59,47,63,0,0,0,0,0,8,8,61,69,65,0,74,56,91,89,117,110,102,90,145,95,106,65,65,65,65,65,65,65,122,94,95,66,141,137,184,87,91,83,98,0,108,100,120,91,114,123,132,121,133,140,122,140,153,166,244,160,159,168,161,161,143,0,0,0]} 1. e4 c5 2. Nf3 e6 3. d4 cxd4 4. Nxd4 Nc6 5. Nc3 Qc7 6. Be2 a6 7. O-O b5 8. Nxc6 dxc6 9. Be3 {LiveBook: 37 Games. B47: Sicilian: Taimanov: 5 Nc3 Qc7 6 f4, 6 g3 and 6 Be2} (9. a4 b4 10. Nb1 Nf6 11. Nd2 Bd6 12. Kh1 Bxh2 13. g3 Bxg3 14. fxg3 Qxg3 15. Qe1 Qh3+ 16. Kg1 Ng4 17. Nf3 {1-0 (34) Navara,D (2725)-Movsesian,S (2673) Prague 2016}) 9... e5 10. a4 {[%cal Ra4b5]} b4 11. Nb1 {White is slightly better.} Nf6 {[%cal Bg8f6,Bf6d7,Bd7c5][%mdl 32]} 12. Nd2 (12. a5 {feels hotter.} Be7 13. Nd2 O-O 14. f3 c5 15. Qe1) 12... Be6 $146 ({Predecessor:} 12... Be7 13. a5 c5 14. Bc4 O-O 15. Qe2 Bb7 16. f3 h6 {1-0 (72) Klovans,J (2456)-Jakobsen,O (2379) Arvier 2004}) 13. f3 (13. Bc4 $16) 13... Nd7 $14 14. Bc4 Bc5 15. Bxc5 ({White should try} 15. Qe2 $14) 15... Nxc5 $11 16. Qe2 O-O 17. Nb3 Qa7 18. Kh1 Rfd8 ({Black should play} 18... Nxb3 $11 19. cxb3 Qe7) 19. Nxc5 $14 Qxc5 20. Bxa6 (20. Bxe6 $1 $14 fxe6 21. Rac1) 20... Rd4 (20... Rxa6 $11 {keeps the balance.} 21. Qxa6 Bc4) 21. Rfd1 Rad8 22. h3 Qd6 {[%cal Rd4d1]} 23. Rxd4 Qxd4 24. Qd3 Qb6 (24... b3 $142) 25. a5 Qc7 26. Qe3 {Threatens to win with Qc5.} Ra8 27. Qe2 $1 g6 28. b3 Kg7 29. Kh2 Kf6 (29... h5 $1 $14) 30. Ra4 c5 31. Ra1 Ke7 ({Better is} 31... Ra7 $1 $14) 32. Qb5 $16 Rb8 {[#]} 33. Qd3 (33. Qa4 $1 $18 {has better winning chances.}) 33... Ra8 34. Rd1 Ra7 35. Ra1 Ra8 $1 36. Kg3 h5 37. h4 Rd8 38. Qe3 Ra8 39. Bb5 Rxa5 40. Rxa5 Qxa5 41. Qxc5+ Kf6 {[#]} 42. Kh2 $1 Qa3 (42... Qd8 $142 43. Bd3 (43. Qxb4 Qb6 $16) 43... Qe7) 43. Bd3 Qc1 44. Qxb4 Qf4+ 45. g3 Qxf3 {( -> ...Qf2+)} 46. Qc5 (46. Qd2 $16) 46... Bxb3 $1 $11 47. cxb3 {Precision: White = 61%, Black = 50%.} 1/2-1/2

[Event "TUR-chT Superleague 2018"]
[Site "Ankara"]
[Date "2018.08.01"]
[Round "8"]
[White "Kerigan, Demre"]
[Black "Demircioglu, Emre"]
[Result "0-1"]
[WhiteElo "2366"]
[BlackElo "2244"]
[Annotator "NA"]
[PlyCount "76"]
[EventDate "2018.07.25"]
[EventType "team-tourn"]
[EventCountry "TUR"]
[SourceTitle "playchess.com"]
[Source "ChessBase"]
[SourceQuality "1"]
[TimeControl "40/5400+30:1800+30"]

1. e4 e5 2. Nf3 Nf6 3. Nxe5 d6 4. Nc4 Nxe4 5. d4 Be7 6. Bd3 Nf6 7. O-O O-O 8. Ne3 g6 9. Nc3 d5 10. Qf3 c6 11. Ne2 Na6 12. c3 Nc7 13. Ng3 Re8 14. Qd1 Bf8 15. f4 c5 16. f5 cxd4 17. cxd4 Bg7 18. Qf3 Bd7 19. a4 b5 20. a5 b4 21. Nc2 b3 22. Nb4 Rb8 23. Bd2 Nb5 24. fxg6 fxg6 25. Nxd5 Nxd5 26. Qf7+ Kh8 27. Qxd5 Be6 28. Qxd8 Rexd8 29. Ne2 Nxd4 30. Nf4 Bf5 31. Bxf5 Nxf5 32. Bc1 Nd4 {[%emt 1:41:13]} 33. g3 {[%emt 1:45:25]} Rbc8 {[%emt 0:00:30]} 34. Kg2 {[%emt 0:00:30]} Rc2+ {[%emt 0:00:30]} 35. Rf2 {[%emt 0:00:30]} a6 {[%emt 0:01:18]} 36. Be3 {[%emt 0:00:30]} Nf5 {[%emt 0:00:30]} 37. Re1 {[%emt 0:00:38]} Nxe3+ {[%emt 0:01:48]} 38. Rxe3 {[%emt 0:00:30]} Rxf2+ {[%emt 0:00:00]} 0-1

[Event "TUR-chT Superleague 2018"]
[Site "Ankara"]
[Date "2018.08.01"]
[Round "8"]
[White "Mamedjarova, Zeinab"]
[Black "Badelka, Olga"]
[Result "1-0"]
[WhiteElo "2345"]
[BlackElo "2416"]
[Annotator "TA"]
[PlyCount "121"]
[EventDate "2018.07.25"]
[EventType "team-tourn"]
[EventCountry "TUR"]
[SourceTitle "playchess.com"]
[Source "ChessBase"]
[SourceQuality "1"]

{[%evp 18,121,0,0,8,-2,-10,0,20,-20,-20,-27,-15,-39,-21,-25,-12,-21,0,-91,-107,-85,-95,-102,-87,-91,-78,-104,5,5,5,5,27,0,0,0,0,-9,-6,-28,-35,-54,-43,-62,-48,-79,-64,-56,-60,-64,-63,-76,-16,-23,-23,-51,-23,-37,-13,-20,-20,-24,-5,-5,0,0,0,0,0,0,0,0,0,0,0,0,0,0,216,216,159,159,251,177,176,162,250,240,364,345,897,862,1337,1299,1117,1069,29971,29972,29971,29972,29972,29974,29973,29974,29998,29999]} 1. d4 Nf6 2. Nf3 e6 3. Nbd2 d5 4. e3 c5 5. dxc5 Bxc5 6. a3 {D05: Colle System with ...e6} a5 7. b3 O-O 8. Bb2 Nc6 9. Bb5 Qe7 10. O-O {LiveBook: 3 Games} Bd6 11. c4 $146 ({Predecessor:} 11. Re1 e5 12. e4 Nxe4 13. Nxe4 dxe4 14. Rxe4 {0-1 (45) Kramnik,V (2811)-Gelfand,B (2724) Zuerich 2017}) 11... Na7 12. Ba4 dxc4 13. Nxc4 Bc7 {Strongly threatening ...b5.} 14. Nd4 Rd8 {[%cal Bf8d8,Bd8d5,Bd5g5][%mdl 32] Hoping for ...e5.} 15. Qe2 e5 16. Nb5 Nxb5 17. Bxb5 e4 {aiming for ...Rd5.} 18. h3 (18. Rad1 $11 {keeps the balance.}) 18... Rd5 $1 $17 {[%cal Rd5b5]} 19. a4 Rg5 $1 20. f4 exf3 $1 21. Rxf3 Be6 22. Ba3 Bxc4 ({Better is} 22... Qd8 $1 $17 23. Rd1 Qc8) 23. Bxe7 $11 Bxe2 24. Bxe2 Re8 25. Ba3 Bb6 26. Kh1 Bc5 27. Bb2 Ne4 {...Ng3+ is the strong threat.} ({Much weaker is} 27... Bxe3 $6 28. Bc4 $16) 28. Bc4 Nd6 $36 {[%mdl 2048] Black is pushing.} 29. Bf1 Rd5 30. Re1 b6 31. Rg3 Nf5 32. Rf3 {And now Bc4 would win.} Rxe3 33. Rfxe3 Nxe3 34. Bc1 Rd1 (34... Nxf1 $17 35. Re8+ Bf8) 35. Rxd1 Nxd1 {[%mdl 4096] Endgame KBB-KBN} 36. Be2 Nc3 37. Bd3 h6 38. g4 Nd5 39. Bc4 Nc7 40. Kg2 Kf8 41. Kf3 Ke7 42. Ke4 Ne6 43. Kd5 g5 44. Ke4 Nc7 45. Bb2 Ne8 46. Kd5 f6 47. Bc3 f5 $2 (47... Nc7+ $1 $11 {and Black stays safe.} 48. Ke4 Ne6) 48. gxf5 $18 Nf6+ 49. Kc6 Ne4 (49... Nd7 $16 {keeps fighting.} 50. Be2 Nb8+ 51. Kb5 Nd7) 50. Be5 h5 51. Bd3 Nf2 {[#]} (51... Nd6 $142 52. Bc2 Nf7) 52. Bf1 $1 Ne4 {[#]} (52... Nd1 {is a better defense.} 53. Be2 Nf2) 53. Bg2 $1 {[%cal Rg2e4]} Nd2 $2 (53... Nf6 54. Bc7 Nd7 55. f6+ Ke8 56. f7+ Ke7) 54. Bd5 Kf8 55. Kd7 Nf1 56. Bh8 {White wants to mate with f6.} Ng3 57. f6 {[%csl Gf6][%cal Rh8g7] White mates.} Nf5 58. Be6 g4 59. hxg4 hxg4 60. Bxf5 g3 61. Be6 {Precision: White = 68%, Black = 45%.} 1-0

[Event "TUR-chT Superleague 2018"]
[Site "Ankara"]
[Date "2018.08.01"]
[Round "8"]
[White "Ozturk, Kubra"]
[Black "Atalik, Ekaterina"]
[Result "1/2-1/2"]
[WhiteElo "2330"]
[BlackElo "2461"]
[Annotator "ChessBase"]
[PlyCount "108"]
[EventDate "2018.07.25"]
[EventType "team-tourn"]
[EventCountry "TUR"]
[SourceTitle "playchess.com"]
[Source "ChessBase"]
[SourceQuality "1"]
[TimeControl "40/5400+30:1800+30"]

1. d4 Nf6 2. c4 g6 3. Nc3 d5 4. cxd5 Nxd5 5. e4 Nxc3 6. bxc3 Bg7 7. Qa4+ Nd7 8. Nf3 O-O 9. Be2 c5 10. O-O Nb6 11. Qa3 cxd4 12. cxd4 Bg4 13. Bg5 Re8 14. Rad1 Qd6 15. Qe3 Rac8 16. Bf4 Qb4 17. Rb1 Qc3 18. d5 Qxe3 19. Bxe3 Rc2 20. Bb5 Ra8 21. a4 Nc4 22. Bxc4 Rxc4 23. Nd2 Rxa4 24. Rxb7 Bf8 25. f3 Bc8 26. Rc7 a5 27. Nc4 Rxc4 28. Rxc4 Ba6 29. Ra4 Bb5 30. Rfa1 Bxa4 31. Rxa4 Bg7 32. Bd2 Rb8 33. Rxa5 Bd4+ 34. Kf1 Rb1+ 35. Ke2 f6 36. Kd3 Be5 37. g3 g5 38. Ra7 Kf8 39. f4 gxf4 40. gxf4 Bd6 {[%emt 1:07:00]} 41. Ra8+ {[%emt 1:51:30]} Kf7 {[%emt 0:31:30]} 42. Rh8 {[%emt 0:00:30]} Kg7 {[%emt 0:00:30]} 43. Rc8 {[%emt 0:01:30]} Rd1 {[%emt 0:08:30]} 44. Ke2 {[%emt 0:10:31]} Rh1 {[%emt 0:01:30]} 45. Kf3 {[%emt 0:00:24]} Rxh2 {[%emt 0:03:30]} 46. Bc3 {[%emt 0:01:00]} Rh3+ {[%emt 0:04:30]} 47. Kg4 {[%emt 0:01:34]} Re3 {[%emt 0:00:30]} 48. Kf5 {[%emt 0:01:50]} Rf3 {[%emt 0:00:30]} 49. e5 {[%emt 0:03:12]} fxe5 {[%emt 0:00:30]} 50. Bxe5+ {[%emt 0:00:02]} Bxe5 {[%emt 0:00:30]} 51. Kxe5 {[%emt 0:00:02]} Kf7 {[%emt 0:01:30]} 52. Rh8 {[%emt 0:00:49]} Kg7 {[%emt 0:01:30]} 53. Re8 {[%emt 0:00:40]} Kf7 {[%emt 0:00:30]} 54. Rh8 {[%emt 0:00:00]} Kg7 {[%emt 0:00:30]} 1/2-1/2

[Event "TUR-chT Superleague 2018"]
[Site "Ankara"]
[Date "2018.08.01"]
[Round "8"]
[White "Sari, Yasin"]
[Black "Tuncer, Tuna"]
[Result "1/2-1/2"]
[WhiteElo "2299"]
[BlackElo "2328"]
[Annotator "NA"]
[PlyCount "111"]
[EventDate "2018.07.25"]
[EventType "team-tourn"]
[EventCountry "TUR"]
[SourceTitle "playchess.com"]
[Source "ChessBase"]
[SourceQuality "1"]
[TimeControl "40/5400+30:1800+30"]

1. d4 d5 2. c4 c6 3. Nf3 Nf6 4. e3 Bf5 5. Nh4 Be4 6. Nc3 e6 7. f3 Bg6 8. Qb3 Qc7 9. Bd2 Be7 10. Nxg6 hxg6 11. O-O-O a6 12. Kb1 dxc4 13. Bxc4 b5 14. Be2 c5 15. dxc5 Nbd7 16. Rc1 Nxc5 17. Qc2 O-O 18. g4 Qb7 19. g5 Nh5 20. a3 Bxg5 21. f4 Bf6 22. b4 Nd7 23. Ne4 Rac8 24. Qd3 Qd5 25. Nd6 Rxc1+ 26. Rxc1 Be7 27. Nc8 Bh4 28. Qxd5 exd5 29. a4 Ndf6 30. Nd6 {[%emt 1:41:29]} Rd8 {[%emt 1:43:28]} 31. Rc6 {[%emt 0:00:30]} Ne4 {[%emt 0:00:30]} 32. Nxe4 {[%emt 0:00:30]} dxe4 {[%emt 0:00:30]} 33. Kc2 {[%emt 0:00:30]} bxa4 {[%emt 0:01:22]} 34. Rxa6 {[%emt 0:01:06]} Rc8+ {[%emt 0:00:30]} 35. Kd1 {[%emt 0:00:30]} Rd8 {[%emt 0:00:11]} 36. Rxa4 {[%emt 0:01:45]} Nxf4 {[%emt 0:00:34]} 37. exf4 {[%emt 0:01:52]} e3 {[%emt 0:00:30]} 38. Ra2 {[%emt 0:00:00]} Be7 {[%emt 0:00:01]} 39. Kc1 {[%emt 0:00:34]} exd2+ {[%emt 0:01:00]} 40. Rxd2 {[%emt 0:00:00]} Rxd2 {[%emt 0:01:09]} 41. Kxd2 {[%emt 0:00:44]} Bxb4+ {[%emt 0:00:00]} 42. Ke3 {[%emt 0:00:30]} Be1 {[%emt 0:10:15]} 43. Kf3 {[%emt 0:00:30]} f5 {[%emt 0:00:30]} 44. Bc4+ {[%emt 0:00:30]} Kf8 {[%emt 0:00:30]} 45. Bb3 {[%emt 0:00:30]} Ke7 {[%emt 0:00:30]} 46. h3 {[%emt 0:00:30]} Kf6 {[%emt 0:00:30]} 47. Bc4 {[%emt 0:00:30]} Ba5 {[%emt 0:00:30]} 48. Bd5 {[%emt 0:00:30]} Bc7 {[%emt 0:01:30]} 49. Bc6 {[%emt 0:00:30]} Bd6 {[%emt 0:00:30]} 50. Bd5 {[%emt 0:00:30]} g5 {[%emt 0:00:30]} 51. fxg5+ {[%emt 0:00:30]} Kxg5 {[%emt 0:00:30]} 52. Kg2 {[%emt 0:00:00]} Kf4 {[%emt 0:00:30]} 53. Bc6 {[%emt 0:00:00]} g5 {[%emt 0:00:30]} 54. Bd7 {[%emt 0:00:30]} g4 {[%emt 0:00:30]} 55. hxg4 {[%emt 0:00:30]} fxg4 {[%emt 0:00:30]} 56. Bxg4 {[%emt 0:00:00]} 1/2-1/2

[Event "TUR-chT Superleague 2018"]
[Site "Ankara"]
[Date "2018.08.01"]
[Round "8"]
[White "Yaran, Siar"]
[Black "Yilmaz, Goktan"]
[Result "1/2-1/2"]
[WhiteElo "2240"]
[BlackElo "2233"]
[Annotator "NA"]
[PlyCount "113"]
[EventDate "2018.07.25"]
[EventType "team-tourn"]
[EventCountry "TUR"]
[SourceTitle "playchess.com"]
[Source "ChessBase"]
[SourceQuality "1"]
[TimeControl "40/5400+30:1800+30"]

1. c4 e6 2. Nc3 d5 3. d4 Nf6 4. Bg5 Be7 5. e3 Nbd7 6. Nf3 O-O 7. Qc2 c5 8. Rd1 Qa5 9. cxd5 Nxd5 10. Bxe7 Nxe7 11. Be2 Nf6 12. O-O Bd7 13. Ne5 cxd4 14. Nxd7 Nxd7 15. Rxd4 Ne5 16. Rfd1 N7c6 17. Ra4 Qb6 18. Rh4 Ng6 19. Na4 Qa5 20. Rc4 Rfd8 21. Rc5 Rxd1+ 22. Qxd1 Rd8 23. Rxa5 Rxd1+ 24. Bxd1 Nxa5 25. Kf1 Kf8 26. Ke1 Ke7 27. Kd2 Ne5 28. Be2 Nac4+ 29. Kc2 Nd6 30. Nc3 Nc6 31. a3 f5 32. f4 e5 33. Kd3 e4+ 34. Kc2 Ke6 35. b4 Ne7 36. Kb3 Nd5 37. Nxd5 Kxd5 38. Kc3 a6 39. Bf1 {[%emt 1:42:26]} Nc8 {[%emt 1:47:33]} 40. Bc4+ {[%emt 0:00:30]} Kd6 {[%emt 0:00:00]} 41. g4 {[%emt 0:24:27]} Ne7 {[%emt 0:11:57]} 42. Bf7 {[%emt 0:01:50]} h6 {[%emt 0:02:00]} 43. gxf5 {[%emt 0:04:25]} Nxf5 {[%emt 0:00:01]} 44. Kd2 {[%emt 0:00:00]} Ne7 {[%emt 0:01:35]} 45. Bb3 {[%emt 0:04:53]} b6 {[%emt 0:02:20]} 46. Bc2 {[%emt 0:01:19]} Kd5 {[%emt 0:00:30]} 47. Bb3+ {[%emt 0:00:30]} Kd6 {[%emt 0:00:00]} 48. Bc4 {[%emt 0:00:00]} a5 {[%emt 0:01:49]} 49. bxa5 {[%emt 0:00:13]} bxa5 {[%emt 0:00:00]} 50. Ba6 {[%emt 0:00:23]} Nd5 {[%emt 0:01:24]} 51. Bb7 {[%emt 0:00:41]} Kc5 {[%emt 0:02:17]} 52. h4 {[%emt 0:02:32]} Kc4 {[%emt 0:03:45]} 53. Bc8 {[%emt 0:00:38]} Nf6 {[%emt 0:02:12]} 54. Be6+ {[%emt 0:00:30]} Kc5 {[%emt 0:00:00]} 55. Bf5 {[%emt 0:00:44]} Kc4 {[%emt 0:00:56]} 56. Kc2 {[%emt 0:00:50]} Nd5 {[%emt 0:02:11]} 57. Be6 {[%emt 0:00:22]} 1/2-1/2

[Event "TUR-chT Superleague 2018"]
[Site "Ankara"]
[Date "2018.08.01"]
[Round "8"]
[White "Samani, Yamac"]
[Black "Gulden, Egemen"]
[Result "1/2-1/2"]
[WhiteElo "2217"]
[BlackElo "2003"]
[Annotator "NA"]
[PlyCount "60"]
[EventDate "2018.07.25"]
[EventType "team-tourn"]
[EventCountry "TUR"]
[SourceTitle "playchess.com"]
[Source "ChessBase"]
[SourceQuality "1"]
[TimeControl "40/5400+30:1800+30"]

1. e4 c5 2. Nf3 d6 3. Bb5+ Bd7 4. Bxd7+ Qxd7 5. O-O g6 6. c3 e5 7. d4 Bg7 8. Be3 b6 9. Na3 Ne7 10. dxe5 dxe5 11. Nc4 Qxd1 12. Raxd1 Nec6 13. Rd5 f6 14. Nd6+ Ke7 15. Rfd1 Rd8 16. b4 cxb4 17. cxb4 Rd7 18. b5 Nd8 19. Bd2 Nf7 {[%emt 1:31:26]} 20. Bb4 {[%emt 1:25:04]} Nxd6 {[%emt 0:00:33]} 21. Bxd6+ {[%emt 0:01:07]} Ke8 {[%emt 0:00:37]} 22. Rc1 {[%emt 0:01:06]} Rd8 {[%emt 0:01:57]} 23. Rc7 {[%emt 0:07:41]} Nd7 {[%emt 0:01:27]} 24. Bb4 {[%emt 0:00:37]} Bf8 {[%emt 0:01:36]} 25. Bxf8 {[%emt 0:02:03]} Nxf8 {[%emt 0:00:05]} 26. Rxd8+ {[%emt 0:01:36]} Rxd8 {[%emt 0:00:04]} 27. g3 {[%emt 0:00:00]} Rd7 {[%emt 0:00:07]} 28. Rc8+ {[%emt 0:00:45]} Rd8 {[%emt 0:01:51]} 29. Rc7 {[%emt 0:01:27]} Rd7 {[%emt 0:00:04]} 30. Rc8+ {[%emt 0:01:38]} Rd8 {[%emt 0:00:05]} 1/2-1/2

[Event "TUR-chT Superleague 2018"]
[Site "Ankara"]
[Date "2018.08.01"]
[Round "8"]
[White "Gulbeyaz, Emir"]
[Black "Ozcan, Kaan"]
[Result "1-0"]
[WhiteElo "2208"]
[BlackElo "1523"]
[Annotator "NA"]
[PlyCount "115"]
[EventDate "2018.07.25"]
[EventType "team-tourn"]
[EventCountry "TUR"]
[SourceTitle "playchess.com"]
[Source "ChessBase"]
[SourceQuality "1"]
[TimeControl "40/5400+30:1800+30"]

1. Nf3 {[%emt 0:00:30]} Nf6 {[%emt 0:00:30]} 2. g3 {[%emt 0:00:30]} g6 {[%emt 0:00:30]} 3. Bg2 {[%emt 0:00:00]} Bg7 {[%emt 0:00:30]} 4. O-O {[%emt 0:00:00]} O-O {[%emt 0:00:30]} 5. d4 {[%emt 0:00:00]} d5 {[%emt 0:02:30]} 6. c4 {[%emt 0:00:00]} c6 {[%emt 0:04:30]} 7. Nbd2 {[%emt 0:00:30]} Nbd7 {[%emt 0:04:30]} 8. Qc2 {[%emt 0:00:30]} dxc4 {[%emt 0:03:30]} 9. Nxc4 {[%emt 0:00:30]} Nb6 {[%emt 0:00:30]} 10. Nxb6 {[%emt 0:01:30]} Qxb6 {[%emt 0:02:30]} 11. e4 {[%emt 0:00:30]} Bg4 {[%emt 0:11:30]} 12. Be3 {[%emt 0:00:00]} Bxf3 {[%emt 0:01:30]} 13. Bxf3 {[%emt 0:00:00]} Qd8 {[%emt 0:04:30]} 14. Rfd1 {[%emt 0:00:00]} e6 {[%emt 0:01:30]} 15. Rab1 {[%emt 0:02:00]} Rc8 {[%emt 0:06:30]} 16. b4 {[%emt 0:01:30]} Qe7 {[%emt 0:04:30]} 17. Qc5 {[%emt 0:00:30]} Rfe8 {[%emt 0:08:30]} 18. Qxa7 {[%emt 0:04:30]} Ra8 {[%emt 0:03:30]} 19. Qc5 {[%emt 0:00:30]} Rxa2 {[%emt 0:05:30]} 20. Qxe7 {[%emt 0:00:30]} Rxe7 {[%emt 0:00:00]} 21. b5 {[%emt 0:00:00]} Ra8 {[%emt 0:05:00]} 22. Rdc1 {[%emt 0:02:00]} Rc8 {[%emt 0:06:30]} 23. d5 {[%emt 0:01:30]} exd5 {[%emt 0:02:30]} 24. exd5 {[%emt 0:00:30]} c5 {[%emt 0:03:06]} 25. Rxc5 {[%emt 0:01:30]} Rxc5 {[%emt 0:03:15]} 26. Bxc5 {[%emt 0:00:00]} Rd7 {[%emt 0:00:17]} 27. Ra1 {[%emt 0:01:00]} h5 {[%emt 0:07:03]} 28. Ra8+ {[%emt 0:00:30]} Kh7 {[%emt 0:00:30]} 29. d6 {[%emt 0:00:30]} Ng4 {[%emt 0:06:32]} 30. Bc6 {[%emt 0:00:00]} Ne5 {[%emt 0:01:58]} 31. Bxd7 {[%emt 0:00:00]} Nxd7 {[%emt 0:00:20]} 32. Rc8 {[%emt 0:00:00]} Be5 {[%emt 0:00:46]} 33. Bb4 {[%emt 0:01:00]} Kg7 {[%emt 0:00:40]} 34. Bc3 {[%emt 0:00:30]} Kf6 {[%emt 0:00:24]} 35. Bxe5+ {[%emt 0:00:30]} Kxe5 {[%emt 0:00:30]} 36. Rc7 {[%emt 0:00:00]} Kxd6 {[%emt 0:00:00]} 37. Rxb7 {[%emt 0:00:00]} f5 {[%emt 0:00:57]} 38. Ra7 {[%emt 0:00:00]} Ne5 {[%emt 0:00:27]} 39. f4 {[%emt 0:00:00]} Nf3+ {[%emt 0:01:08]} 40. Kf2 {[%emt 0:00:30]} Nxh2 {[%emt 0:00:00]} 41. Ra6+ {[%emt 0:00:30]} Kc5 {[%emt 0:01:07]} 42. Rxg6 {[%emt 0:00:30]} Kxb5 {[%emt 0:00:30]} 43. Rg5 {[%emt 0:00:00]} Ng4+ {[%emt 0:00:30]} 44. Kf3 {[%emt 0:00:00]} Kc6 {[%emt 0:04:30]} 45. Rxf5 {[%emt 0:00:00]} Kd7 {[%emt 0:01:30]} 46. Rxh5 {[%emt 0:00:00]} Nf6 {[%emt 0:01:30]} 47. Rh6 {[%emt 0:00:30]} Ke7 {[%emt 0:01:30]} 48. g4 {[%emt 0:00:00]} Kf7 {[%emt 0:00:30]} 49. g5 {[%emt 0:00:00]} Ne8 {[%emt 0:01:30]} 50. f5 {[%emt 0:00:00]} Ng7 {[%emt 0:02:30]} 51. Kg4 {[%emt 0:00:00]} Ne8 {[%emt 0:00:30]} 52. Rh7+ {[%emt 0:00:00]} Kg8 {[%emt 0:01:04]} 53. Ra7 {[%emt 0:00:00]} Nd6 {[%emt 0:01:11]} 54. f6 {[%emt 0:00:00]} Nc4 {[%emt 0:01:47]} 55. g6 {[%emt 0:00:00]} Ne5+ {[%emt 0:00:34]} 56. Kf5 {[%emt 0:00:30]} Nxg6 {[%emt 0:01:38]} 57. Kxg6 {[%emt 0:00:00]} Kh8 {[%emt 0:00:24]} 58. Ra8# {[%emt 0:00:00]} 1-0